Cargando…

Asian Diasporas : Cultures, Indentity, Representation /

Detalles Bibliográficos
Clasificación:Libro Electrónico
Otros Autores: Wong, Shawn, 1949-, Goh, Robbie B. H., 1964-
Formato: Electrónico eBook
Idioma:Inglés
Publicado: Hong Kong : Honk Kong University Press, 2004.
Colección:Book collections on Project MUSE.
Temas:
Acceso en línea:Texto completo

MARC

LEADER 00000cam a22000004a 4500
001 musev2_5510
003 MdBmJHUP
005 20230905040644.0
006 m o d
007 cr||||||||nn|n
008 040812s2004 cc o 00 0 eng d
010 |z  2004400144 
020 |a 9789882200098 
020 |z 9789622096721 
035 |a (OCoLC)654107401 
040 |a MdBmJHUP  |c MdBmJHUP 
043 |a a------  |a n-us--- 
050 0 4 |a DS13  |b .A85 2004 
245 0 0 |a Asian Diasporas :   |b Cultures, Indentity, Representation /   |c edited by Robbie B.H. Goh and Shawn Wong. 
264 1 |a Hong Kong :  |b Honk Kong University Press,  |c 2004. 
264 3 |a Baltimore, Md. :  |b Project MUSE,   |c 2012 
264 4 |c ©2004. 
300 |a 1 online resource (214 pages):   |b ill. ; 
336 |a text  |b txt  |2 rdacontent 
337 |a computer  |b c  |2 rdamedia 
338 |a online resource  |b cr  |2 rdacarrier 
500 |a Papers originally presented at the conference on "Asian diasporas and cultures" held at the National University of Singapore, Sept. 5-7, 2001. 
504 |a Includes bibliographical references (p. [185]-198) and index. 
588 |a Description based on print version record. 
650 0 |a Immigrants in literature  |v Congresses. 
650 0 |a Oriental literature  |x Asian American authors  |x History and criticism  |v Congresses. 
650 0 |a Asian diaspora  |v Congresses. 
655 7 |a Electronic books.   |2 local 
700 1 |a Wong, Shawn,  |d 1949- 
700 1 |a Goh, Robbie B. H.,  |d 1964- 
710 2 |a Project Muse.  |e distributor 
830 0 |a Book collections on Project MUSE. 
856 4 0 |z Texto completo  |u https://projectmuse.uam.elogim.com/book/5510/ 
945 |a Project MUSE - Custom Collection 
945 |a Project MUSE - Archive Complete Foundation 
945 |a Project MUSE - Archive History Foundation 
945 |a Project MUSE - Archive Asian and Pacific Studies Foundation